000 00636nam a2200229Ia 4500
005 20260429111924.0
008 260429s9999||||xx |||||||||||||| ||und||
020 _a9781493989904
041 _aEnglish
082 _a572.86
_bQI
100 _aQi, Yiping
245 0 _aPlant genome editing with CRISPR systems :
_bmethods and protocols /
_cYiping Qi
250 _a1st ed.
260 _aNew York :
_bHumana Press,
_c2019.
300 _axv, 367 p.; hb
440 _aMethods in Molecular Biology, 1917
650 _a Biotechnology
650 _a CRISPR
650 _a Genome editing
650 _aPlant genetics
942 _cTB
999 _c51439
_d51439